Rastliny pieskov a strání / 1.

Uložené v:
Podrobná bibliografia
Ďalší autori: Májovský, Jozef, 1920- (Editor)
Médium: Kniha
Jazyk:Slovak
Vydané: Bratislava : Obzor, 1977.
Fyzický popis: 356 s.
Tagy: Pridať tag
Žiadne tagy, Buďte prvý kto otaguje tento záznam!

MARC

LEADER 00000nam a22000001 4500
001 000150607
005 20091026204432.0
008 030325 1977 xo slo d
040 |a SVKKK  |b slo  |c SVKKK  |e AACR2 
041 0 |a slo 
044 |a xo  |c SK 
245 0 0 |a Rastliny pieskov a strání /  |n 1.  |c Jozef Májovský, Jindřich Krejča. 
260 |a Bratislava :  |b Obzor,  |c 1977. 
300 |a 356 s. 
700 1 |a Májovský, Jozef,  |d 1920-  |4 edt 
910 |a svkkk 
998 |a BK 
090 |g SCKHL  |k Konzultanti  |a II.231825  |j 560696  |i 2720419172  |s Príručka / Študovňa